Novomestský spravodaj

Bibliographic Details
Format: Journal
Language:Slovak
PhysicalDescription:zv. 20 cm
Published: Nové Mesto nad Váhom MsV KSS, MsNV a MsDO 1980-
3 6/1997- Nové Mesto nad Váhom Mesto
ISSN:1338-8223
Subjects:
Online Access:Archív r. 2010

MARC

LEADER 00000cas a2200000 a 4500
001 vtls008700648
003 SK-MaSNL
005 20260425194006.0
008 060516c19809999xo mr p 0 b0slo
022 |a 1338-8223 
040 |a SNK  |b slo  |c SNK  |e AACR2 
041 0 |a slo 
043 |a e-xo--- 
044 |a xo  |c SK 
072 7 |a 352/354  |x Stupne miestnej, oblastnej a ústrednej správy  |2 konspekt 
072 7 |a 394  |x Verejný a spoločenský život. Každodenný život  |2 konspekt 
072 7 |a 316.7  |x Sociológia kultúry. Kultúrny život  |2 konspekt 
080 |a 352  |2 2011 
080 |a 394  |2 2011 
080 |a 316.728  |2 2011 
080 |a 050  |2 2011 
080 |a (051)+(054)  |2 2011 
080 |a (437.613)  |2 2011 
210 0 |a Novomest. sprav. 
222 0 |a Novomestský spravodajca 
245 0 0 |a Novomestský spravodaj 
246 1 3 |a Novomestský spravodajca  |f 7/1988- 
260 |a Nové Mesto nad Váhom  |b MsV KSS, MsNV a MsDO  |c 1980- 
260 |a 3 6/1997-  |a Nové Mesto nad Váhom  |b Mesto 
300 |a zv.  |c 20 cm 
310 |a 1x mesačne 
362 0 |a 1 (1980-) 
500 |a Redaktori sa menia 
500 |a Povolené odborom kultúry ONV v Trenčíne pod číslom 493/90 
500 |a Evidenčné číslo MK SR: EV 3966/10 
515 |a Č. júl -aug. vychádza ako dvojčíslo ; v č. 1/1982 uvedený roč. 2, má byť roč. 3 
550 |a Vydáva Mesto Nové Mesto nad Váhom prostredníctvom MsKS v Novom Meste nad Váhom 
650 0 7 |a miestna správa  |2 SNKPH  |9 29496 
650 0 7 |a spoločenský život  |2 SNKPH  |9 28654 
651 7 |a Nové Mesto nad Váhom (Slovensko)  |2 SNKPHgeo  |9 28941 
655 7 |a miestne periodiká  |2 SNKPH  |9 160938 
856 4 1 |u http://www.nove-mesto.sk/media/  |z Archív r. 2010 
910 |a snk 
999 |c 871  |d 871 
952 |t č. 1-12, neúplné  |a SNK  |b SNK  |y PREZ  |7 0  |p 17A1520594  |o snkČSD 1232/42/2021  |i snk2023/10268  |8 0  |z Chýba č. 1  |0 0  |1 0  |4 0  |d 2023-06-29  |l 0  |r 2026-02-21 19:29:01  |w 2026-02-21 
952 |t č. 1-12  |a SNK  |b SNK  |y PREZ  |7 0  |p 17A1520593  |o snkČSD 1232/43/2022  |i snk2023/10269  |8 0  |0 0  |1 0  |4 0  |d 2023-06-29  |l 0  |r 2026-02-21 19:29:01  |w 2026-02-21 
952 |t č. 1-12  |a SNK  |b SNK  |y PREZ  |7 0  |p 17A1462668  |o snkČSD 1232/41/2020  |i snk2022/4961  |8 0  |0 0  |1 0  |4 0  |d 2022-03-31  |l 0  |r 2026-02-21 19:59:39  |w 2026-02-21 
952 |t č. 1-12  |a SNK  |b SNK  |c SNK_KF  |y PREZ  |7 8  |p 17A1558662  |o snkČSD 1232/44/2023  |i snk2026/405  |8 0  |0 0  |1 0  |4 0  |d 2026-01-13  |l 0  |r 2026-02-21 20:12:42  |w 2026-02-21 
952 |t č. 1-12  |a SNK  |b SNK  |c SNK_KF  |y PREZ  |7 8  |p 17A1558663  |o snkČSD 1232/45/2024  |i snk2026/406  |8 0  |0 0  |1 0  |4 0  |d 2026-01-13  |l 0  |r 2026-02-21 20:12:42  |w 2026-02-21 
952 |t č. 1-12  |a SNK  |b SNK  |y PREZ  |7 0  |p 17A0557574  |o snkČSD 1232/19/1998  |i snkČSP 504/99  |3 rekatalogizácia  |0 0  |1 0  |4 0  |d 2007-08-09  |l 0  |r 2026-02-21 20:48:57  |w 2026-02-21 
952 |t č. jan.-dec.  |a SNK  |b SNK  |y PREZ  |7 0  |p 17A1384984  |o snkČSD 1232/39/2018  |i snk2019/30832  |8 0  |0 0  |1 0  |4 0  |d 2019-11-29  |l 0  |r 2026-02-21 22:15:18  |w 2026-02-21 
952 |t č. jan.-dec.  |a SNK  |b SNK  |y PREZ  |7 0  |p 17A1431778  |o snkČSD 1232/40/2019  |i snk2020/17651  |8 0  |0 0  |1 0  |4 0  |d 2020-10-01  |l 0  |r 2026-02-21 22:16:06  |w 2026-02-21 
952 |t č. 1-12  |a SNK  |b SNK  |y PREZ  |7 0  |p 17A0829089  |o snkČSD 1232/20/1999  |i snkČSP 2153/2004  |0 0  |1 0  |4 0  |d 2018-09-04  |l 0  |r 2026-02-21 22:27:03  |w 2026-02-21 
952 |t č. jan.-dec.  |a SNK  |b SNK  |y PREZ  |7 0  |p 17A0829090  |o snkČSD 1232/21/2000  |i snkČSP 2157/2004  |0 0  |1 0  |4 0  |d 2018-09-04  |l 0  |r 2026-02-21 22:27:03  |w 2026-02-21 
952 |t č. jan.-dec.  |a SNK  |b SNK  |y PREZ  |7 0  |p 17A0893300  |o snkČSD 1232/22/2001  |i snkČSP 2159/2004  |0 0  |1 0  |4 0  |d 2018-09-04  |l 0  |r 2026-02-21 22:27:03  |w 2026-02-21 
952 |t č. jan.-dec.  |a SNK  |b SNK  |y PREZ  |7 0  |p 17A0893299  |o snkČSD 1232/23/2002  |i snkČSP 2155/2004  |0 0  |1 0  |4 0  |d 2018-09-04  |l 0  |r 2026-02-21 22:27:04  |w 2026-02-21 
952 |t č. jan.-dec.  |a SNK  |b SNK  |y PREZ  |7 0  |p 17A0893298  |o snkČSD 1232/24/2003  |i snkČSP 2161/2004  |0 0  |1 0  |4 0  |d 2018-09-04  |l 0  |r 2026-02-21 22:27:08  |w 2026-02-21 
952 |t č. jan.-dec., neúplné  |a SNK  |b SNK  |y PREZ  |7 0  |p 17A1328208  |o snkČSD 1232/25/2004  |i snk2018/17898  |8 0  |z Chýba č. jan.  |0 0  |1 0  |4 0  |d 2018-09-04  |l 0  |r 2026-02-21 22:27:08  |w 2026-02-21 
952 |t č. jan.-dec.  |a SNK  |b SNK  |y PREZ  |7 0  |p 17A1328209  |o snkČSD 1232/26/2005  |i snk2018/17908  |8 0  |0 0  |1 0  |4 0  |d 2018-09-04  |l 0  |r 2026-02-21 22:27:08  |w 2026-02-21 
952 |t č. jan.-dec.  |a SNK  |b SNK  |y PREZ  |7 0  |p 17A1328210  |o snkČSD 1232/27/2006  |i snk2018/17909  |8 0  |0 0  |1 0  |4 0  |d 2018-09-04  |l 0  |r 2026-02-21 22:27:08  |w 2026-02-21 
952 |t č. jan.-dec. + príl.  |a SNK  |b SNK  |y PREZ  |7 0  |p 17A1328211  |o snkČSD 1232/28/2007  |i snk2018/17910  |8 0  |z Obsahuje príl.: X festival Aničky Jurkovičovej  |0 0  |1 0  |4 0  |d 2018-09-04  |l 0  |r 2026-02-21 22:27:08  |w 2026-02-21 
952 |t č. jan.-dec.  |a SNK  |b SNK  |y PREZ  |7 0  |p 17A1328212  |o snkČSD 1232/29/2008  |i snk2018/17912  |8 0  |0 0  |1 0  |4 0  |d 2018-09-04  |l 0  |r 2026-02-21 22:27:08  |w 2026-02-21 
952 |t č. jan.-dec.  |a SNK  |b SNK  |y PREZ  |7 0  |p 17A1328213  |o snkČSD 1232/30/2009  |i snk2018/17915  |8 0  |0 0  |1 0  |4 0  |d 2018-09-04  |l 0  |r 2026-02-21 22:27:09  |w 2026-02-21 
952 |t č. jan.-dec.  |a SNK  |b SNK  |y PREZ  |7 0  |p 17A1328214  |o snkČSD 1232/31/2010  |i snk2018/17918  |8 0  |0 0  |1 0  |4 0  |d 2018-09-04  |l 0  |r 2026-02-21 22:27:14  |w 2026-02-21 
952 |t č. jan.-dec. + príl.  |a SNK  |b SNK  |y PREZ  |7 0  |p 17A1328215  |o snkČSD 1232/32/2011  |i snk2018/17929  |8 0  |z Obsahuje príl.: Z ustanovujúceho zasadania MsZ ; XIV. ročník festivalu A. Jurkovičovej  |0 0  |1 0  |4 0  |d 2018-09-04  |l 0  |r 2026-02-21 22:27:14  |w 2026-02-21 
952 |t č. jan.-dec.  |a SNK  |b SNK  |y PREZ  |7 0  |p 17A1328216  |o snkČSD 1232/33/2012  |i snk2018/17933  |8 0  |0 0  |1 0  |4 0  |d 2018-09-04  |l 0  |r 2026-02-21 22:27:14  |w 2026-02-21 
952 |t č. jan.-dec.  |a SNK  |b SNK  |y PREZ  |7 0  |p 17A1328217  |o snkČSD 1232/34/2013  |i snk2018/17937  |8 0  |0 0  |1 0  |4 0  |d 2018-09-04  |l 0  |r 2026-02-21 22:27:14  |w 2026-02-21 
952 |t č. jan.-dec. + príl.  |a SNK  |b SNK  |y PREZ  |7 0  |p 17A1328218  |o snkČSD 1232/35/2014  |i snk2018/17938  |8 0  |z Obsahuje príl.: 15. novembra si zvolíme...  |0 0  |1 0  |4 0  |d 2018-09-04  |l 0  |r 2026-02-21 22:27:14  |w 2026-02-21 
952 |t č. jan.-dec. + príl.  |a SNK  |b SNK  |y PREZ  |7 0  |p 17A1328219  |o snkČSD 1232/36/2015  |i snk2018/17941  |8 0  |z Obsahuje príl.: Vyhlásenie voľby...  |0 0  |1 0  |4 0  |d 2018-09-04  |l 0  |r 2026-02-21 22:27:14  |w 2026-02-21 
952 |t č. jan.-dec.  |a SNK  |b SNK  |y PREZ  |7 0  |p 17A1328220  |o snkČSD 1232/37/2016  |i snk2018/17942  |8 0  |0 0  |1 0  |4 0  |d 2018-09-04  |l 0  |r 2026-02-21 22:27:14  |w 2026-02-21 
952 |t č. jan.-dec.  |a SNK  |b SNK  |y PREZ  |7 0  |p 17A1328221  |o snkČSD 1232/38/2017  |i snk2018/17949  |8 0  |0 0  |1 0  |4 0  |d 2018-09-04  |l 0  |r 2026-02-21 22:27:14  |w 2026-02-21 
952 |t č. 1-5  |a SNK  |b SNK  |y PREZ  |7 0  |p 17A0829680  |o snkČSD 1232/1/1980  |i snkČSP 1550/81  |0 0  |1 0  |4 0  |d 2018-09-03  |l 0  |r 2026-02-21 22:27:17  |w 2026-02-21 
952 |t č. 1-12  |a SNK  |b SNK  |y PREZ  |7 0  |p 17A0829681  |o snkČSD 1232/2/1981  |i snkČSP 1037/82  |0 0  |1 0  |4 0  |d 2018-09-03  |l 0  |r 2026-02-21 22:27:20  |w 2026-02-21 
952 |t č. 1-12  |a SNK  |b SNK  |y PREZ  |7 0  |p 17A0829682  |o snkČSD 1232/3/1982  |i snkČSP 2284/82  |z V č. 1/1982 uvedený roč. 2, má byť roč. 3  |0 0  |1 0  |4 0  |d 2018-09-03  |l 0  |r 2026-02-21 22:27:20  |w 2026-02-21 
952 |t č. 1-12  |a SNK  |b SNK  |y PREZ  |7 0  |p 17A0829683  |o snkČSD 1232/4/1983  |i snkČSP 361/84  |0 0  |1 0  |4 0  |d 2018-09-03  |l 0  |r 2026-02-21 22:27:20  |w 2026-02-21 
952 |t č. 1-12  |a SNK  |b SNK  |y PREZ  |7 0  |p 17A0829684  |o snkČSD 1232/5/1984  |i snkČSP 1859/84  |0 0  |1 0  |4 0  |d 2018-09-03  |l 0  |r 2026-02-21 22:27:20  |w 2026-02-21 
952 |t č. 1-12  |a SNK  |b SNK  |y PREZ  |7 0  |p 17A0829685  |o snkČSD 1232/6/1985  |i snkČSP 251/86  |0 0  |1 0  |4 0  |d 2018-09-03  |l 0  |r 2026-02-21 22:27:20  |w 2026-02-21 
952 |t č. 1-12  |a SNK  |b SNK  |y PREZ  |7 0  |p 17A0829686  |o snkČSD 1232/7/1986  |i snkČSP 1069/87  |0 0  |1 0  |4 0  |d 2018-09-03  |l 0  |r 2026-02-21 22:27:20  |w 2026-02-21 
952 |t č. 1-12  |a SNK  |b SNK  |y PREZ  |7 0  |p 17A0829687  |o snkČSD 1232/8/1987  |i snkČSP 949/88  |0 0  |1 0  |4 0  |d 2018-09-03  |l 0  |r 2026-02-21 22:27:20  |w 2026-02-21 
952 |t č. 1-12  |a SNK  |b SNK  |y PREZ  |7 0  |p 17A0829688  |o snkČSD 1232/9/1988  |i snkČSP 1233/89  |0 0  |1 0  |4 0  |d 2018-09-03  |l 0  |r 2026-02-21 22:27:21  |w 2026-02-21 
952 |t č. 1-12  |a SNK  |b SNK  |y PREZ  |7 0  |p 17A0829689  |o snkČSD 1232/10/1989  |i snkČSP 1571/91  |0 0  |1 0  |4 0  |d 2018-09-03  |l 0  |r 2026-02-21 22:27:21  |w 2026-02-21 
952 |t č. 1-12  |a SNK  |b SNK  |y PREZ  |7 0  |p 17A0829690  |o snkČSD 1232/11/1990  |i snkČSP 1551/91  |0 0  |1 0  |4 0  |d 2018-09-03  |l 0  |r 2026-02-21 22:27:21  |w 2026-02-21 
952 |t č. 1-12  |a SNK  |b SNK  |y PREZ  |7 0  |p 17A0829082  |o snkČSD 1232/12/1991  |i snkČSP 1754/92  |0 0  |1 0  |4 0  |d 2018-09-03  |l 0  |r 2026-02-21 22:27:23  |w 2026-02-21 
952 |t č. 1-12  |a SNK  |b SNK  |y PREZ  |7 0  |p 17A0829083  |o snkČSD 1232/13/1992  |i snkČSP 2154/93  |0 0  |1 0  |4 0  |d 2018-09-03  |l 0  |r 2026-02-21 22:27:23  |w 2026-02-21 
952 |t č. 1-12  |a SNK  |b SNK  |y PREZ  |7 0  |p 17A0829084  |o snkČSD 1232/14/1993  |i snkČSP 4706/97  |0 0  |1 0  |4 0  |d 2018-09-03  |l 0  |r 2026-02-21 22:27:23  |w 2026-02-21 
952 |t č. 1-12  |a SNK  |b SNK  |y PREZ  |7 0  |p 17A0829085  |o snkČSD 1232/15/1994  |i snkČSP 508/99  |0 0  |1 0  |4 0  |d 2018-09-03  |l 0  |r 2026-02-21 22:27:23  |w 2026-02-21 
952 |t č. 1-12  |a SNK  |b SNK  |y PREZ  |7 0  |p 17A0829086  |o snkČSD 1232/16/1995  |i snkČSP 502/99  |0 0  |1 0  |4 0  |d 2018-09-03  |l 0  |r 2026-02-21 22:27:23  |w 2026-02-21 
952 |t č. 1-12  |a SNK  |b SNK  |y PREZ  |7 0  |p 17A0829087  |o snkČSD 1232/17/1996  |i snkČSP 500/99  |0 0  |1 0  |4 0  |d 2018-09-03  |l 0  |r 2026-02-21 22:27:23  |w 2026-02-21 
952 |t č. 1-12  |a SNK  |b SNK  |y PREZ  |7 0  |p 17A0829088  |o snkČSD 1232/18/1997  |i snkČSP 498/99  |0 0  |1 0  |4 0  |d 2018-09-03  |l 0  |r 2026-02-21 22:27:23  |w 2026-02-21